Uplatňovanie spoločenskej zodpovednosti v podniku diplomová práca

Saved in:
Bibliographic Details
Main Author: Ovadová, Jana
Corporate Author: Podnikovohospodárska fakulta EU so sídlom v Košiciach. Katedra manažmentu
Other Authors: Szaryszová, Petra, 1984-
Format: Book
Language:Slovak
Published: Košice 2018
Tags: Add Tag
No Tags, Be the first to tag this record!

MARC

LEADER 00000nbm a2200000 4500
001 0244091
005 20181019123326.5
041 0 |a slo 
044 |a SK 
245 1 0 |a Uplatňovanie spoločenskej zodpovednosti v podniku  |b diplomová práca  |c Jana Ovadová ; školiteľ: Petra Szaryszová 
264 1 |a Košice  |c 2018 
300 |a 81 s. 
100 1 |a Ovadová, Jana 
700 1 |a Szaryszová, Petra, 1984- 
710 2 |a Podnikovohospodárska fakulta EU so sídlom v Košiciach. Katedra manažmentu